Manual práctico de ventilación industrial estática o natural /

Guardat en:
Dades bibliogràfiques
Autor principal: Maldonado Ruiz, Manuel (autor)
Format: Llibre
Idioma:espanyol
Publicat: Madrid, España : Dossat, 1995, c1995
Col·lecció:(Ciencias e Ingeniería)
Matèries:
Etiquetes: Afegir etiqueta
Sense etiquetes, Sigues el primer a etiquetar aquest registre!

MARC

LEADER 00000nam^a2200000^a^4500
001 000154318
005 20250521000000.0
009 20260310100350.977
020 |a 84-237-0836-5 
037 |a Acervo ITESO - Biblioteca 
041 |a ESP 
082 |a 697. 9  |b MAL 
100 |a Maldonado Ruiz, Manuel  |e (autor) 
245 1 0 |a Manual práctico de ventilación industrial estática o natural /  |c M. Maldonado Ruiz. 
264 4 |a Madrid, España :  |b Dossat,  |c 1995, c1995 
300 |a 126 p. 
336 |a texto  |b txt  |2 rdacontenido 
337 |a sin mediación  |b n  |2 rdamedio 
338 |a volumen  |b nc  |2 rdasoporte 
440 1 |a (Ciencias e Ingeniería) 
649 |a XX 
650 |a Sistemas de Ventilación Adecuados (Seguridad Industrial) 
650 |a Seguridad Industrial 
650 |a Ingeniería Industrial 
910 |a Fondo General 
920 |a Impresos - Libros 
930 |a Colección General 
905 |a 101 
901 |a 0500086310  |b IT1  |c ACC  |u 20250521 
902 |a https://opac.biblio.iteso.mx/vufind/Record/000154318